MARC

LEADER 00000nam0a2200000 4500
001 2014
005 20231030173532.0
010 |a 58523300322 
035 |a (RuTPU)RU\TPU\book\2023 
035 |a BOOK00002025 
090 |a 2014 
100 |a 20011209d1996 k y0rusy50 ca 
101 1 |a rus  |c ger 
102 |a RU 
105 |a y z 000zy 
200 1 |a Очерк истории греческой философии  |f Э. Целлер 
210 |a СПб.  |c Алетейа  |d 1996 
215 |a 294 с. 
225 1 |a Античная библиотека. Исследования 
606 1 |a Греческая философия древняя  |2 stltpush  |3 (RuTPU)RU\TPU\subj\8638 
610 1 |a древняя греческая философия 
610 1 |a история 
610 1 |a античная философия 
686 |a Ю3(0)321  |v LBC/SL-A  |2 rubbk 
700 1 |a Целлер  |b Э.  |g Эдуард 
801 0 |a RU  |b 63413507  |c 20011209  |g PSBO 
801 2 |a RU  |b 63413507  |c 20140709  |g PSBO 
942 |c BK